Zbierka úloh z mechaniky : pomocná učebnica pre 1. až 3. ročník stredných priemyselných škôl strojníckych /

Main Author: Turek, Ivan
Other Authors: Skala, Oldřich, Haluška, Jozef
Language: Slovak
Published: Bratislava : Alfa, 1979
Edition: 2. vyd.
Series: Edícia strojárskej literatúry (Alfa)
Physical Description: 401 s.
Book
Saved in:
LEADER 01030nam a22002892a 4500
001 001177690
003 CZ BrMZK
005 20120516081237.0
007 ta
008 111031s1979 xo er|||||||||||slo d
040 |a BOA001  |b cze 
041 1 |a slo  |h cze 
080 9 |a /531:621.01/(076.1):373.662 
100 1 |a Turek, Ivan  |7 jk01140441  |4 aut 
245 1 0 |a Zbierka úloh z mechaniky :  |b pomocná učebnica pre 1. až 3. ročník stredných priemyselných škôl strojníckych /  |c Ivan Turek, Oldřich Skala, Jozef Haluška 
250 |a 2. vyd. 
260 |a Bratislava :  |b Alfa,  |c 1979 
300 |a 401 s. 
490 1 |a Edícia strojárskej literatúry 
700 1 |a Skala, Oldřich  |7 jk01111432  |4 aut 
700 1 |a Haluška, Jozef  |7 stk2007394112  |4 aut 
765 0 |t Sbírka úloh z mechaniky  |9 Slovensky 
830 0 |a Edícia strojárskej literatúry (Alfa)  |0 s 
910 |a BOA001  |b 2-0775.456-79 
990 |a BK 
991 |b 201110 
996 7 |b 2619495805  |c 2-0775.456-79  |l MZK  |r Sklad / do 1 hodiny  |n 0  |w 001211162  |u 000010  |a 1  |e BOA001  |j MZK50  |s A